Yo creo en la Iglesia / (Record no. 143193)

MARC details
000 -LEADER
campo de control de longitud fija 00730nam a2200229 i 4500
001 - NÚMERO DE CONTROL
campo de control 143193
003 - IDENTIFICADOR DE NÚMERO DE CONTROL
campo de control ES-MaACL
005 - FECHA Y HORA DE LA ÚLTIMA TRANSACCIÓN
campo de control 20250830111229.0
007 - CAMPO FIJO DE DESCRIPCIÓN FÍSICA--INFORMACIÓN GENERAL
campo de control de longitud fija t|
008 - DATOS DE LONGITUD FIJA--INFORMACIÓN GENERAL
campo de control de longitud fija 070214s1962 sp |||| | spa d
080 ## - NÚMERO DE LA CLASIFICACIÓN DECIMAL UNIVERSAL
Número de la Clasificación Decimal Universal 26(04)
100 1# - ENTRADA PRINCIPAL--NOMBRE DE PERSONA
Nombre de persona Semmelroth, Otto.
9 (RLIN) 105392
245 10 - MENCIÓN DEL TÍTULO
Título Yo creo en la Iglesia /
Mención de responsabilidad, etc. Otto Semmelroth ; traducción y presentación por Alfonso López Quintás.
260 ## - PUBLICACIÓN, DISTRIBUCIÓN, ETC.
Lugar de publicación, distribución, etc. Madrid :
Nombre del editor, distribuidor, etc. Guadarrama,
Fecha de publicación, distribución, etc. 1962.
300 ## - DESCRIPCIÓN FÍSICA
Extensión 188 p. ;
Dimensiones 18 cm.
490 1# - MENCIÓN DE SERIE
Mención de serie Cristianismo y hombre actual ;
Designación de volumen o secuencia 16
610 24 - PUNTO DE ACCESO ADICIONAL DE MATERIA--NOMBRE DE ENTIDAD CORPORATIVA
Nombre de entidad corporativa o nombre de jurisdicción como elemento de entrada Iglesia Católica
9 (RLIN) 4639
700 1# - ENTRADA AGREGADA--NOMBRE PERSONAL
Nombre de persona López Quintás, Alfonso.
9 (RLIN) 73905
830 00 - PUNTO DE ACCESO ADICIONAL DE SERIE-TÍTULO UNIFORME
Título uniforme Cristianismo y hombre actual
Designación de volumen o secuencia 16
9 (RLIN) 181461
852 ## - LOCALIZACIÓN
Ubicación ES-MaACL
Número de control de estantería C-21099
Holdings
Estatus retirado Estado de pérdida Estado de daño No para préstamo Biblioteca de origen Biblioteca actual Ubicación en estantería Fecha de adquisición Fuente de adquisición Total de préstamos Signatura topográfica completa Código de barras Visto por última vez Precio de reemplazo Tipo de ítem Koha
        Biblioteca del Ateneo de Madrid Biblioteca del Ateneo de Madrid Galería 17/01/2008     C-21099 1148981 23/02/2023 23/02/2023 Libro impreso